| 000 | 01434nam a22003977a 4500 | ||
|---|---|---|---|
| 001 | 0005556 | ||
| 003 | KOHA_MİRAKIL | ||
| 005 | 20260207001449.0 | ||
| 007 | ta | ||
| 008 | 091009b1999 tu |||gr||||#0|||0|tur | | ||
| 020 |
_a9751612047 _qtk 9751612063 _qc.2 _c0,01 |
||
| 040 |
_aTR-BiSEU _btur _cTR-BiSEU _erda |
||
| 041 | 0 | _atur | |
| 044 | _ctu | ||
| 050 |
_aDR428 _b.A36 1999 |
||
| 100 | 0 | _aAhmet Şerif. | |
| 245 | 1 |
_aArnavudluk'da, Suriye'de, Trablusgarb'de tanin/ _cAhmet Şerif ; Ahmet Şerif; editör Mehmed Çetin Börekçi. |
|
| 264 | 1 |
_aAnkara : _bAtatürk Kültür, Dil ve Tarih Yüksek Kurumu Türk Tarih Kurumu _c1999 |
|
| 300 |
_a2 c. : _bhrt. tıbkıbs. |
||
| 336 |
_ametin _btxt _2rdacontent |
||
| 337 |
_aaracısız _bn _2rdamedia |
||
| 338 |
_acilt _bnc _2rdacarrier |
||
| 490 | 1 | _aAtatürk Kültür, Dil ve Tarih Yüksek Kurumu. | |
| 490 | 1 |
_aTürk Tarih Kurumu yayınları ; _vII. |
|
| 490 | 1 | _adizi-sayı 34a | |
| 500 | _aDizin var. | ||
| 505 |
_ac.1 Anadolu'da tanin _xc.2 Arnavudluk'da, Suriye'de, Trablusgarb'de tanin |
||
| 650 | 0 |
_aTürk gazeteleri--Türkiye--İstanbul. _913395 |
|
| 650 | 0 |
_aTürkiye--anlatim ve gezi 1909-. _913396 |
|
| 650 | 0 |
_aTürkiye--tarihi 20. Yüzyil. _913397 |
|
| 830 | 1 |
_aAtatürk Kültür, Dil ve Tarih Yüksek Kurumu. _96683 |
|
| 830 | 1 |
_aTürk Tarih Kurumu yayınları ; _vII. _96704 |
|
| 830 | 1 |
_adizi-sayı 34a _913398 |
|
| 907 | _aTarih | ||
| 942 |
_2lcc _cBK |
||
| 999 |
_c5537 _d5537 |
||